000 00421nam a2200133Ia 4500
008 211119s9999||||xx |||||||||||||| ||und||
082 _a370.115
_bPYL-V
100 _aPylee, M V
245 0 _aVidyabhyasa Prasnagal: Innale, Innu.Nale
260 _bSahityapravarthaka Sangom
_aKottayam
_c1998
300 _a296p
650 _aSocial Sciences
_vEducationEducational PsychologyEconomics
_xPGR-GANDHIAN STUDIES
942 _cBOOK
999 _c108009
_d108009